Solar PV Power and Solar Products Handbook (Record no. 203925)

MARC details
000 -LEADER
fixed length control field 00948nam a22002057a 4500
005 - DATE AND TIME OF LATEST TRANSACTION
control field 20240703170224.0
010 ## - LCCN (DPL NO)
LC control number ENG-140746
020 ## - INTERNATIONAL STANDARD BOOK NUMBER
Terms of availability 2275.00
International Standard Book Number 978819557590
035 ## - SYSTEM CONTROL NUMBER
System control number EN-124278
037 ## - SOURCE OF ACQUISITION
Source of stock number/acquisition DBAD
082 ## - DEWEY DECIMAL CLASSIFICATION NUMBER
Classification number 621.31244
100 ## - MAIN ENTRY--PERSONAL NAME
Personal name Gupta, Ajay Kumar
245 ## - TITLE STATEMENT
Title Solar PV Power and Solar Products Handbook
Statement of responsibility, etc by Ajay Kumar Gupta
250 ## - EDITION STATEMENT
Edition statement First
260 ## - PUBLICATION, DISTRIBUTION, ETC. (IMPRINT)
Place of publication, distribution, etc Delhi
Name of publisher, distributor, etc NIIR PROJECT CONSULTANCY SERVICES
Date of publication, distribution, etc 2022
270 ## - ADDRESS
Address 106-E, Kamla Nagar,
City Delhi
Postal code 110007
Telephone number +911123843955
-- +911123845886
-- +911123845654
Fax number +911123845886
Electronic mail address info@niir.org
-- npcs.india@gmail.com
300 ## - PHYSICAL DESCRIPTION
Extent xv, 368p.
Dimensions 21cm (pb)
500 ## - GENERAL NOTE
General note (Solar Energy, Solar Lighting, Solar Power Plant, Solar Panel, Solar Pump, Solar Photovoltaic Cell, Solar Inverter, Solar Thermal Power Plant, Solar Farm, Solar Cell Modules with Manufacturing Process, Equipment Details, Plant Layout & Process Flow Chart)
942 ## - ADDED ENTRY ELEMENTS (KOHA)
Source of classification or shelving scheme Dewey Decimal Classification
Item type English Books
Classification part 621.31244
Call number suffix Gup
Holdings
Withdrawn status Lost status Not for loan Collection code Home library Current library Date acquired Source of acquisition Cost, normal purchase price Full call number Barcode Copy number Cost, replacement price Koha item type
      Non-fiction Central Library Central Library 03/07/2024 DBAD 2275.00 621.31244 Gup EN-124278 1 2275.00 English Books

© Delhi Public Library
Hit Counter
free hit counter